| 000 | 02096nam0a2200337 4500 | ||
|---|---|---|---|
| 001 | RU\NLR\BIBL_A\016304964 | ||
| 005 | 20250625033430.0 | ||
| 010 |
_a5-86995-006-6 _9100 |
||
| 021 |
_aRU _b97-47468 |
||
| 035 | _a(NLR Aleph) 016304964 | ||
| 090 |
_a12984971 _c12984971 |
||
| 100 | _a19990706d1997 |||y0rusy50 ca | ||
| 101 | 0 | _arus | |
| 102 | _aRU | ||
| 105 | _ay z 1|||| | ||
| 200 | 1 |
_aРазработка научных основ и способов ресурсосберегающей и экологически чистой технологии добычи полезных ископаемых _eматериалы XХХХVI научно-технической конференции НГТУ _fМинистерство общего и профессионального образования Российской Федерации, Новочеркасский государственный технический университет, Южно-Российский научный центр РАЕН |
|
| 210 |
_aНовочеркасск _c"НАБЛА" _d1997 |
||
| 215 |
_a[1], 93 с. _d20 |
||
| 320 | _aБиблиогр.: с. 96, 133 | ||
| 606 | 0 |
_aПолезные ископаемые _jСъезды, совещания и т.п. _xДобыча _92117393 _3RU\NLR\AUTH\661278993 |
|
| 606 | 0 |
_aОкружающая среда _jСъезды, совещания и т.п. _xЗагрязнение отходами горных предприятий _91778924 _3RU\NLR\AUTH\66799484 |
|
| 606 | 0 |
_aГорные работы _jСъезды, совещания и т.п. _xРесурсосберегающие технологии _92272784 _3RU\NLR\AUTH\661362141 |
|
| 686 | _aИ-642я431(2) | ||
| 711 | 0 | 2 |
_aНовочеркасский технический университет _bНаучно-техническая конференция _d46 _f1997 _9694175 _3RU\NLR\AUTH\880516778 |
| 801 | 0 |
_aRU _bNLR _c19990706 _gPSBO |
|
| 801 | 1 |
_aRU _bNLR _c19990706 |
|
| 852 |
_aNLR _j98-4/7459 |
||
| 942 | _cBOOK | ||
| 980 | _aNB | ||